000 00711cam a22002533a 4500
001 10189
003 PGUSA
005 20140828083221.0
008 031101s2003||||xxu|||||s|||||000 | eng d
040 _aPGUSA
_beng
042 _adc
050 4 _aPS
100 1 _aEdison Vaudeville Company
245 1 0 _aThree Rubes Seeing New York
_h[electronic resource] /
_cEdison Vaudeville Company
260 _bProject Gutenberg,
_c2003
500 _aRecorded November 1907.
506 _aPublic domain in the USA.
516 _aElectronic text
653 _aHumorous recitations
653 _aVaudeville
830 0 _aProject Gutenberg
_v10189
856 4 0 _uhttp://www.gutenberg.org/ebooks/10189
942 _cEB
999 _c239444
_d239444